[Event "Wch U10"]
[Site "Oropesa del Mar"]
[Date "1999.10.24"]
[EventDate "1999.??.??"]
[Round "6"]
[Result "1-0"]
[White "Maxime Vachier-Lagrave"]
[Black "Maxim Rodshtein"]
[WhiteElo "2637"]
[BlackElo "2615"]
[PlyCount "75"]

1. e4 c5 2. Nf3 Nc6 3. d4 cxd4 4. Nxd4 g6 5. Be3 Bg7 6. Nc3
Nf6 7. Bc4 Qa5 8. O-O O-O 9. Nb3 Qc7 10. Qd2 Ne5 11. Be2 Nc4
12. Bxc4 Qxc4 13. f3 d6 14. Rad1 Bd7 15. Bg5 Rfd8 16. Rfe1
Rac8 17. e5 dxe5 18. Rxe5 Be8 19. Qxd8 Rxd8 20. Rxd8 Qc7
21. Red5 Kf8 22. Rd3 e6 23. Be3 b6 24. Bg5 Ke7 25. R8d4 Qe5
26. Bh4 Bc6 27. Bg3 Qf5 28. Bd6+ Ke8 29. g4 Nxg4 30. Rf4 Qh5
31. fxg4 Qh6 32. Rg3 e5 33. Rc4 Kd7 34. Bb8 Ba8 35. Rc7+ Ke6
36. Rxa7 Bc6 37. Ra6 Bf8 38. Rxb6 1-0

[Event "EYCC B12"]
[Site "Halkidiki GRE"]
[Date "2001.09.06"]
[EventDate "2001.08.31"]
[Round "6"]
[Result "1-0"]
[White "Maxim Rodshtein"]
[Black "Sergei Zhigalko"]
[WhiteElo "2150"]
[BlackElo "2219"]
[PlyCount "123"]

1. d4 d5 2. c4 e6 3. Nc3 c6 4. e3 Bd6 5. Nf3 f5 6. Bd3 Nf6
7. O-O O-O 8. cxd5 exd5 9. Ne5 Nbd7 10. f4 Ne4 11. Bd2 Nxe5
12. fxe5 Be7 13. Ne2 Bg5 14. Nf4 Be7 15. Bc3 Ng5 16. Qd2 b6
17. Bb4 c5 18. dxc5 bxc5 19. Ba5 Qd7 20. Rfd1 Bb7 21. Bc4 Kh8
22. Bxd5 Rab8 23. Bxb7 Qxb7 24. Qd7 Qe4 25. Qxe7 Qxe3+ 26. Kh1
Ne4 27. Nh3 f4 28. Re1 Qd3 29. Rad1 Qc2 30. Bc3 Rbe8 31. Qh4
h6 32. Rd7 Nxc3 33. Qg4 Rg8 34. bxc3 Qxc3 35. Rdd1 Rxe5
36. Rxe5 Qxe5 37. Nxf4 Qg5 38. Qxg5 hxg5 39. Ne6 c4 40. Rc1
Re8 41. Nxg5 Re2 42. Kg1 Rxa2 43. Rxc4 g6 44. Ne4 Ra1+ 45. Kf2
Ra2+ 46. Kf3 Kg7 47. h4 Ra3+ 48. Kf4 a5 49. Rc7+ Kf8 50. Kg5
Re3 51. Rc4 Kg7 52. g4 Rh3 53. Rc7+ Kf8 54. Ra7 Rh1 55. Rxa5
Re1 56. Re5 Kg7 57. Re6 Kf7 58. Rf6+ Kg7 59. Rxg6+ Kh8 60. Re6
Kg7 61. h5 Kh8 62. Kg6 1-0

[Event "EYCC B12"]
[Site "Halkidiki GRE"]
[Date "2001.09.08"]
[EventDate "2001.08.31"]
[Round "8"]
[Result "1/2-1/2"]
[White "Maxim Rodshtein"]
[Black "Jurijs Mihailovs"]
[WhiteElo "2150"]
[BlackElo "2126"]
[PlyCount "83"]

1. d4 Nf6 2. c4 c5 3. d5 e5 4. Nc3 d6 5. e4 Be7 6. Bd3 Nbd7
7. Nf3 Nf8 8. Qe2 Ng6 9. g3 h5 10. h4 Bg4 11. Qe3 a6 12. Bd2
Qc7 13. Be2 Rb8 14. a3 Bd7 15. b4 Ng4 16. Qd3 cxb4 17. axb4
Qb6 18. Nd1 O-O 19. Ne3 Rbe8 20. Nh2 Nf6 21. O-O Qd4 22. f3
Bd8 23. Qxd4 exd4 24. Ng2 Bb6 25. Bd3 Ne5 26. Nf4 Rc8 27. Rfc1
Rc7 28. c5 dxc5 29. bxc5 Bxc5 30. Ba5 Rcc8 31. Rcb1 b5 32. Bb4
Bxb4 33. Rxb4 Rc3 34. Rxd4 Ra8 35. Kf1 a5 36. Ke2 Rb3 37. Ra2
Rc3 38. Nf1 Rcc8 39. Nd2 b4 40. Bc2 Bb5+ 41. Kf2 g6 42. Ba4
1/2-1/2

[Event "EYCC B12"]
[Site "Halkidiki GRE"]
[Date "2001.09.09"]
[EventDate "2001.08.31"]
[Round "9"]
[Result "1-0"]
[White "Dmitry Andreikin"]
[Black "Maxim Rodshtein"]
[WhiteElo "2293"]
[BlackElo "2150"]
[PlyCount "73"]

1. e4 c5 2. Nf3 Nc6 3. d4 cxd4 4. Nxd4 g6 5. Nc3 Bg7 6. Be3
Nf6 7. Bc4 O-O 8. Bb3 e6 9. O-O d5 10. exd5 exd5 11. h3 Na5
12. Qf3 Be6 13. Rad1 a6 14. Rfe1 h6 15. Bf4 Re8 16. Qd3 Kh7
17. Re2 Nc6 18. Be3 Qd6 19. Red2 Red8 20. Qf1 Qe7 21. Re1 Ne8
22. Nce2 Nd6 23. c3 Ne4 24. Rdd1 Ne5 25. f3 Nc5 26. Bc2 Nc4
27. Bc1 Qf6 28. b3 Nd6 29. Nf4 Nf5 30. Nxf5 Bxf5 31. Nxd5 Qc6
32. Ne7 Qb6 33. Nxf5 gxf5 34. Be3 Bxc3 35. Qc4 Bxe1 36. Qxf7+
Kh8 37. Bxf5 1-0

[Event "WYB12"]
[Site "Oropesa del Mar ESP"]
[Date "2001.10.30"]
[EventDate "2001.10.06"]
[Round "9"]
[Result "1/2-1/2"]
[White "Maxim Rodshtein"]
[Black "Rinat Jumabayev"]
[WhiteElo "2148"]
[BlackElo "2252"]
[PlyCount "89"]

1. d4 Nf6 2. c4 g6 3. Nc3 Bg7 4. e4 d6 5. Nf3 O-O 6. Be2 e5
7. O-O Nc6 8. d5 Ne7 9. b4 Nh5 10. Re1 f5 11. Ng5 Nf6 12. Bf3
h6 13. Ne6 Bxe6 14. dxe6 c6 15. b5 fxe4 16. Nxe4 Nxe4 17. Bxe4
d5 18. Ba3 dxe4 19. Qxd8 Rfxd8 20. Bxe7 Rd4 21. Rac1 Bf8
22. Bf6 Bg7 23. Be7 Bf8 24. Bf6 Bc5 25. Re2 Bd6 26. c5 Bc7
27. bxc6 bxc6 28. Rb2 Re8 29. Rb7 Rxe6 30. Rxc7 Rxf6 31. Rxa7
Rd2 32. Rf1 Rc2 33. Ra4 Rf5 34. a3 Rxc5 35. Rxe4 Kf7 36. f3
Ke6 37. Rb1 Ra5 38. Rc4 Kd5 39. Rc3 Rf4 40. Rb8 c5 41. Rd8+
Ke6 42. Rc8 Kd6 43. Rd8+ Ke6 44. Rc8 Kd6 45. Rd8+ 1/2-1/2

[Event "WYB12"]
[Site "Oropesa del Mar ESP"]
[Date "2001.11.01"]
[EventDate "2001.10.06"]
[Round "10"]
[Result "0-1"]
[White "Artiom Samsonkin"]
[Black "Maxim Rodshtein"]
[WhiteElo "2141"]
[BlackElo "2148"]
[PlyCount "96"]

1. e4 e6 2. d4 d5 3. Nc3 Bb4 4. e5 c5 5. a3 Bxc3+ 6. bxc3 Ne7
7. Nf3 Qa5 8. Bd2 Qa4 9. Bd3 c4 10. Be2 O-O 11. O-O Nbc6
12. Nh4 Nf5 13. Nxf5 exf5 14. f4 Be6 15. Rf3 Qa5 16. a4 Rad8
17. Bc1 f6 18. Ba3 Rf7 19. exf6 Rxf6 20. Re3 Bf7 21. Bf3 Qc7
22. g3 Re6 23. Rxe6 Bxe6 24. Qd2 Bf7 25. Bb4 b6 26. Re1 a5
27. Ba3 Qd7 28. Qc1 Re8 29. Rxe8+ Qxe8 30. Kf2 Na7 31. Qe3
Qxe3+ 32. Kxe3 b5 33. axb5 Nxb5 34. Bb2 a4 35. g4 fxg4
36. Bxg4 a3 37. Bc1 Kf8 38. Bd7 a2 39. Bb2 Nd6 40. Kd2 Ke7
41. Bg4 Be6 42. f5 Bxf5 43. Bf3 Be4 44. Bg4 Kf6 45. Kc1 Kg5
46. Be2 Kh4 47. Ba1 Kh3 48. Kb2 Kxh2 0-1

[Event "WYB12"]
[Site "Oropesa del Mar ESP"]
[Date "2001.11.02"]
[EventDate "2001.10.06"]
[Round "11"]
[Result "0-1"]
[White "Maxim Rodshtein"]
[Black "David Howell"]
[WhiteElo "2148"]
[BlackElo "2247"]
[PlyCount "64"]

1. d4 Nf6 2. c4 g6 3. Nc3 d5 4. Nf3 Bg7 5. Qb3 dxc4 6. Qxc4
O-O 7. Bf4 Na6 8. e4 c5 9. dxc5 Be6 10. Qb5 Bd7 11. Qxb7 Nxc5
12. Qb4 Ne6 13. Be5 a5 14. Qa3 Qb6 15. Be2 Bc6 16. O-O Qb4
17. Qxb4 axb4 18. Nb1 Nxe4 19. Bc4 N4g5 20. Nxg5 Bxe5 21. Nxe6
fxe6 22. Bxe6+ Kg7 23. Nd2 Bxb2 24. Rad1 Rf6 25. Bb3 e5
26. Nc4 Bd4 27. Ne3 Raf8 28. Bc4 Rxf2 29. Rxf2 Bxe3 30. Rdf1
Rf4 31. Bd3 Rd4 32. Bb1 Rd2 0-1

[Event "Israeli Championship"]
[Site "Ramat Aviv ISR"]
[Date "2004.09.19"]
[EventDate "2004.09.19"]
[Round "1"]
[Result "1-0"]
[White "Vitali Golod"]
[Black "Maxim Rodshtein"]
[WhiteElo "2538"]
[BlackElo "2372"]
[PlyCount "73"]

1. Nf3 Nf6 2. c4 c6 3. Nc3 d5 4. e3 e6 5. d4 Nbd7 6. Qc2 Bd6
7. Bd3 O-O 8. O-O dxc4 9. Bxc4 b5 10. Be2 Bb7 11. Rd1 Qb8
12. e4 e5 13. g3 Re8 14. dxe5 Nxe5 15. Bg5 Nxf3+ 16. Bxf3 Nd7
17. Bg2 Ne5 18. Bf4 a6 19. Rd2 Qc7 20. Rad1 Rad8 21. b3 f6
22. h3 Qe7 23. Be3 Bb4 24. Rxd8 Rxd8 25. f4 Nf7 26. Rxd8+ Qxd8
27. Nd1 Be7 28. Nf2 Qc7 29. Nd3 Bc8 30. Kh2 Nd8 31. e5 Bf5
32. exf6 Bxf6 33. Qd2 a5 34. Nc5 Ne6 35. Na6 Qb7 36. Qxa5 Bd8
37. Nc5 1-0

[Event "Israeli Championship"]
[Site "Ramat Aviv ISR"]
[Date "2004.09.21"]
[EventDate "2004.09.19"]
[Round "3"]
[Result "0-1"]
[White "Maxim Rodshtein"]
[Black "Boris Kantsler"]
[WhiteElo "2372"]
[BlackElo "2474"]
[PlyCount "70"]

1. c4 c5 2. Nc3 Nc6 3. g3 g6 4. Bg2 Bg7 5. e4 Nf6 6. Nge2 O-O
7. O-O d6 8. a3 Ne8 9. Rb1 a5 10. d3 Nc7 11. Be3 Ne6 12. Nd5
Ned4 13. Nec3 e6 14. Nf4 Bd7 15. Nh3 Rb8 16. a4 Nb4 17. Nb5
Bc6 18. Qd2 Qd7 19. b3 Rbe8 20. Nc3 b6 21. Kh1 d5 22. exd5
exd5 23. Bxd4 cxd4 24. Nxd5 Nxd5 25. cxd5 Bxd5 26. Rfc1 Rc8
27. Bxd5 Qxd5+ 28. Kg1 Rc3 29. Nf4 Qf5 30. Qe2 Bh6 31. Rxc3
dxc3 32. Qe4 Qxe4 33. dxe4 c2 34. Rc1 Rc8 35. Kf1 Bf8 0-1

[Event "Israeli Championship"]
[Site "Ramat Aviv ISR"]
[Date "2004.09.22"]
[EventDate "2004.09.19"]
[Round "4"]
[Result "1/2-1/2"]
[White "Alexander Krayz"]
[Black "Maxim Rodshtein"]
[WhiteElo "2424"]
[BlackElo "2372"]
[PlyCount "71"]

1. d4 d5 2. c4 c6 3. Nf3 Nf6 4. Qb3 dxc4 5. Qxc4 g6 6. g3 Bg7
7. Bg2 O-O 8. O-O Be6 9. Qc2 Na6 10. Nc3 Nb4 11. Qb1 c5
12. dxc5 Rc8 13. a3 Na6 14. b4 b6 15. Rd1 Nd7 16. Bb2 bxc5
17. b5 Nc7 18. Qc2 Qe8 19. a4 a6 20. bxa6 Nxa6 21. Ne4 Bxb2
22. Qxb2 Rb8 23. Qd2 f6 24. Qa5 Qc8 25. Rdc1 c4 26. Nd4 Bf7
27. Rab1 Rxb1 28. Rxb1 Nac5 29. Nxc5 Qxc5 30. Qxc5 Nxc5 31. a5
Rc8 32. Nb5 Rb8 33. Bc6 Rc8 34. Bg2 Rb8 35. Bc6 Rc8 36. Bg2
1/2-1/2

[Event "Israeli Championship"]
[Site "Ramat Aviv ISR"]
[Date "2004.09.25"]
[EventDate "2004.09.19"]
[Round "5"]
[Result "1/2-1/2"]
[White "Maxim Rodshtein"]
[Black "Pinchas Kantarji"]
[WhiteElo "2372"]
[BlackElo "2414"]
[PlyCount "92"]

1. d4 d5 2. c4 e6 3. Nf3 Nf6 4. Nc3 Be7 5. Bg5 Nbd7 6. e3 O-O
7. Qc2 b6 8. cxd5 exd5 9. Bd3 Bb7 10. O-O c5 11. Rad1 h6
12. Bf4 a6 13. dxc5 bxc5 14. Ne5 Nb6 15. Bg3 Nh5 16. Nc4 Nxg3
17. hxg3 Qc7 18. Nxb6 Qxb6 19. b3 Rfd8 20. e4 d4 21. Na4 Qb4
22. Bc4 a5 23. Qe2 Bc6 24. Nb2 Qb7 25. Rfe1 a4 26. Qh5 Bf8
27. Nd3 axb3 28. Ne5 Be8 29. axb3 Qc7 30. Nd3 Kh8 31. e5 Qe7
32. Qf3 Ra7 33. e6 Qf6 34. Qxf6 gxf6 35. Nf4 Bd6 36. Nh5 Bb8
37. exf7 Bxf7 38. Bxf7 Rxf7 39. f4 Bd6 40. g4 f5 41. Kf2 fxg4
42. Kg3 Rb8 43. Rd3 Rb5 44. Re6 Bf8 45. Rd1 Rfb7 46. Rd3 Rf7
1/2-1/2

[Event "Israeli Championship"]
[Site "Ramat Aviv ISR"]
[Date "2004.09.26"]
[EventDate "2004.09.19"]
[Round "6"]
[Result "1-0"]
[White "Evgeni Karasik"]
[Black "Maxim Rodshtein"]
[WhiteElo "2174"]
[BlackElo "2372"]
[PlyCount "85"]

1. e4 c5 2. Nf3 e6 3. d4 cxd4 4. Nxd4 a6 5. Nc3 b5 6. Bd3 Qb6
7. Nb3 Qc7 8. O-O Bb7 9. f4 Nf6 10. Qe2 b4 11. Nd1 Nc6 12. Be3
d6 13. Nf2 Be7 14. Rac1 O-O 15. c4 e5 16. f5 Nd7 17. Ng4 f6
18. c5 dxc5 19. Rf3 Nb6 20. Bxc5 Bxc5+ 21. Rxc5 Rfe8 22. Rg3
Qe7 23. h3 Rad8 24. Kh2 Kh8 25. Rc1 Nd4 26. Nxd4 Rxd4 27. Nf2
a5 28. Rd1 Na4 29. Bb5 Nc5 30. Rxd4 exd4 31. Rg4 Rd8 32. Rh4
h6 33. Bc4 Qd6+ 34. g3 Ba6 35. Bxa6 Nxa6 36. e5 fxe5 37. Ne4
d3 38. Qe3 Qc6 39. f6 Kh7 40. Qg5 Rg8 41. Qf5+ Kh8 42. Qg6
Qc2+ 43. Kg1 1-0

[Event "Israeli Championship"]
[Site "Ramat Aviv ISR"]
[Date "2004.09.27"]
[EventDate "2004.09.19"]
[Round "7"]
[Result "1-0"]
[White "Victor Mikhalevski"]
[Black "Maxim Rodshtein"]
[WhiteElo "2551"]
[BlackElo "2372"]
[PlyCount "97"]

1. d4 d5 2. c4 c6 3. Nf3 Nf6 4. Nc3 dxc4 5. a4 Bf5 6. Ne5 Nbd7
7. Nxc4 Qc7 8. g3 e5 9. dxe5 Nxe5 10. Bf4 Nfd7 11. Bg2 g5
12. Bxe5 Nxe5 13. Qd4 f6 14. O-O-O Be7 15. Ne4 Rd8 16. Qc3
Rxd1+ 17. Rxd1 Nxc4 18. Qxc4 Qe5 19. Qd4 Qxd4 20. Rxd4 Kf7
21. a5 a6 22. Nd6+ Bxd6 23. Rxd6 Re8 24. Kd2 Re5 25. b4 Rb5
26. Rd4 Be6 27. Be4 h6 28. Bd3 Re5 29. Kc3 Ke7 30. f3 Bd5
31. Kd2 Ke8 32. Bg6+ Kf8 33. f4 gxf4 34. gxf4 Re7 35. Bf5 Ke8
36. e4 Be6 37. Bxe6 Rxe6 38. Ke3 f5 39. Kf3 Rf6 40. e5 Rg6
41. Rd2 Rg4 42. Rg2 Rh4 43. Rg8+ Kf7 44. Rb8 Rxh2 45. Rxb7+
Ke6 46. Rb6 Kd7 47. Rxa6 Rh3+ 48. Kg2 Rb3 49. Ra8 1-0

[Event "Israeli Championship"]
[Site "Ramat Aviv ISR"]
[Date "2004.09.28"]
[EventDate "2004.09.19"]
[Round "8"]
[Result "1/2-1/2"]
[White "Maxim Rodshtein"]
[Black "Eyal Deutsch"]
[WhiteElo "2372"]
[BlackElo "2350"]
[PlyCount "64"]

1. d4 d5 2. c4 c6 3. Nf3 Nf6 4. Nc3 dxc4 5. a4 a5 6. e4 Bg4
7. Bxc4 e6 8. Be3 Na6 9. O-O Nb4 10. h3 Bh5 11. Qe2 Be7
12. Rad1 Qc7 13. d5 exd5 14. exd5 O-O 15. dxc6 bxc6 16. g4 Bg6
17. Nh4 Rad8 18. Nxg6 hxg6 19. Qf3 Nc2 20. Bf4 Qb7 21. g5 Nh5
22. Rxd8 Bxd8 23. Bc1 Nd4 24. Qe4 Nf5 25. Bb5 Ne7 26. Re1 Qc8
27. Bf1 Nf5 28. Bg2 Qb8 29. Bf3 Bb6 30. Qe5 Bc7 31. Qe4 Bb6
32. Qe5 Bc7 1/2-1/2

[Event "Israeli Championship"]
[Site "Ramat Aviv ISR"]
[Date "2004.09.29"]
[EventDate "2004.09.19"]
[Round "9"]
[Result "1/2-1/2"]
[White "Yehuda Gruenfeld"]
[Black "Maxim Rodshtein"]
[WhiteElo "2471"]
[BlackElo "2372"]
[PlyCount "42"]

1. e4 e6 2. d4 d5 3. Nd2 c5 4. exd5 exd5 5. Ngf3 Nf6 6. Bb5+
Bd7 7. Bxd7+ Nbxd7 8. O-O Be7 9. dxc5 Nxc5 10. Nd4 Qd7
11. N2f3 O-O 12. Ne5 Qc8 13. Qf3 g6 14. h3 Nce4 15. Nd3 Re8
16. Be3 a6 17. Rfd1 Bf8 18. c3 Qc4 19. Bf4 Qa4 20. Re1 Rac8
21. Qd1 Qc4 1/2-1/2

[Event "WYb16"]
[Site "Heraklio GRE"]
[Date "2004.11.06"]
[EventDate "2004.11.04"]
[Round "4"]
[Result "1/2-1/2"]
[White "Maxime Vachier-Lagrave"]
[Black "Maxim Rodshtein"]
[WhiteElo "2493"]
[BlackElo "2377"]
[PlyCount "66"]

1. e4 e6 2. d4 d5 3. Nd2 c5 4. exd5 exd5 5. Ngf3 a6 6. dxc5
Bxc5 7. Nb3 Bd6 8. Bd3 Ne7 9. h3 O-O 10. O-O Nbc6 11. c3 b5
12. Re1 Qc7 13. Qc2 g6 14. Bh6 Re8 15. Re3 f6 16. Rae1 Bd7
17. Nbd4 Ne5 18. R3e2 Nf7 19. Qd2 Nc6 20. Nxc6 Qxc6 21. Bf4
Bc5 22. Bc2 Rxe2 23. Rxe2 Rd8 24. Nd4 Qb6 25. Nb3 Bf8 26. Nd4
b4 27. h4 bxc3 28. bxc3 Kg7 29. h5 Bd6 30. Bb3 Bg4 31. f3 Bc8
32. h6+ Kf8 33. Qe3 Be5 1/2-1/2

[Event "BELFORT YWCC BU18"]
[Site "Belfort (FRA)"]
[Date "2005.07.19"]
[EventDate "2005.??.??"]
[Round "1.12"]
[Result "0-1"]
[White "Steven Tweedie"]
[Black "Maxim Rodshtein"]
[WhiteElo "2172"]
[BlackElo "2459"]
[PlyCount "80"]

1. e4 c5 2. Nc3 e6 3. g3 Nc6 4. Bg2 g6 5. d3 Bg7 6. Be3 d6
7. Qd2 Qa5 8. Nd1 Qxd2+ 9. Kxd2 Nge7 10. Ne2 b6 11. f4 O-O
12. c4 a6 13. Rc1 Rd8 14. Ndc3 Bb7 15. Rhd1 b5 16. b3 Nd4
17. cxb5 Nxb5 18. Ke1 Nc6 19. e5 dxe5 20. Nxb5 axb5 21. Rxc5
Na5 22. Bxb7 Nxb7 23. Rxb5 Nd6 24. Rb6 Nf5 25. Bc5 Rxa2
26. fxe5 Bxe5 27. d4 Bg7 28. b4 h5 29. b5 Rb2 30. Rb7 Ne3
31. Rd3 Nc4 32. Rf3 f5 33. Rc3 Rb1+ 34. Kf2 Nd2 35. Ke3 Ne4
36. Ra3 e5 37. Raa7 Rb3+ 38. Nc3 Bh6+ 39. Ke2 Nxc3+ 40. Kf1
Nxb5 0-1

[Event "BELFORT YWCC BU18"]
[Site "Belfort (FRA)"]
[Date "2005.07.24"]
[EventDate "?"]
[Round "6.5"]
[Result "1-0"]
[White "Maxim Rodshtein"]
[Black "Bassem Amin"]
[WhiteElo "2459"]
[BlackElo "2400"]
[PlyCount "89"]

1. d4 e6 2. c4 f5 3. g3 Nf6 4. Bg2 Be7 5. Nf3 d6 6. O-O O-O
7. Nc3 Qe8 8. b4 a5 9. b5 Nbd7 10. Qc2 Qg6 11. Ba3 Nb6 12. c5
Nc4 13. Bc1 d5 14. Bf4 c6 15. Ne5 Nxe5 16. Bxe5 Nd7 17. Bc7
Nf6 18. bxc6 bxc6 19. Rab1 h5 20. Qa4 Bd7 21. Rb7 h4 22. Be5
Rfd8 23. Bxf6 Qxf6 24. Rfb1 Be8 25. Qb3 Bf8 26. e3 e5
27. Bxd5+ Kh8 28. dxe5 Qxe5 29. Bf7 Bxc5 30. Ne2 Bxf7 31. Qxf7
Bxe3 32. fxe3 Qxe3+ 33. Kf1 Qf3+ 34. Ke1 Qh1+ 35. Kf2 Qxh2+
36. Ke3 f4+ 37. Nxf4 Qd2+ 38. Kf3 Qc3+ 39. Kg4 Qxg3+ 40. Kh5
Qf3+ 41. Kxh4 g5+ 42. Kxg5 Rg8+ 43. Kf5 Qg4+ 44. Ke4 Qh4
45. Qf6+ 1-0

[Event "BELFORT YWCC BU18"]
[Site "Belfort (FRA)"]
[Date "2005.??.??"]
[EventDate "?"]
[Round "11.6"]
[Result "1/2-1/2"]
[White "Joost Michielsen"]
[Black "Maxim Rodshtein"]
[WhiteElo "2320"]
[BlackElo "2459"]
[PlyCount "81"]

1. e4 c5 2. Nf3 e6 3. d4 cxd4 4. Nxd4 a6 5. c4 Nf6 6. Nc3 Qc7
7. a3 d6 8. Be2 b6 9. Be3 Bb7 10. f3 Nbd7 11. Qd2 Be7 12. Rc1
O-O 13. O-O Rac8 14. b4 Qb8 15. Rc2 Bd8 16. Kh1 Re8 17. Bg1
Bc7 18. Rb1 h5 19. b5 Qa8 20. bxa6 Bxa6 21. Ndb5 Bb8 22. Nxd6
Bxd6 23. Qxd6 Bxc4 24. Nb5 Rc6 25. Qd2 Bxe2 26. Qxe2 Rxc2
27. Qxc2 Rc8 28. Qb3 h4 29. Nd6 Rc6 30. Nc4 h3 31. Nxb6 Qa6
32. gxh3 Qe2 33. Nxd7 Nxd7 34. Qd1 Qxd1 35. Rxd1 Ne5 36. f4
Ng6 37. f5 exf5 38. exf5 Ne5 39. Rd5 f6 40. Bc5 Ra6 41. Bb4
1/2-1/2

[Event "BELFORT YWCC BU18"]
[Site "Belfort (FRA)"]
[Date "2005.??.??"]
[EventDate "?"]
[Round "9.3"]
[Result "1-0"]
[White "Nikita Vitiugov"]
[Black "Maxim Rodshtein"]
[WhiteElo "2519"]
[BlackElo "2459"]
[PlyCount "57"]

1. d4 Nf6 2. c4 e6 3. Nf3 b6 4. a3 Bb7 5. Nc3 d5 6. cxd5 Nxd5
7. Bd2 Nxc3 8. Bxc3 Be7 9. Qc2 O-O 10. e4 Nd7 11. Rd1 Qc8
12. Bd3 Ba6 13. O-O Bxd3 14. Rxd3 Qb7 15. Re1 Rfe8 16. Nd2 c5
17. d5 exd5 18. exd5 Bf6 19. Ne4 Bxc3 20. Qxc3 Qc7 21. Rde3
Kf8 22. d6 Qc6 23. Ng5 Rxe3 24. Qxe3 Kg8 25. Nxf7 Nf6 26. Nh6+
Kh8 27. Qe6 Qd5 28. Qxd5 Nxd5 29. d7 1-0

[Event "BELFORT YWCC BU18"]
[Site "Belfort (FRA)"]
[Date "2005.??.??"]
[EventDate "?"]
[Round "8.2"]
[Result "1/2-1/2"]
[White "Maxim Rodshtein"]
[Black "Wojciech Moranda"]
[WhiteElo "2459"]
[BlackElo "2453"]
[PlyCount "87"]

1. d4 Nf6 2. c4 g6 3. Nc3 c5 4. d5 Bg7 5. Nf3 d6 6. g3 O-O
7. Bg2 e6 8. O-O exd5 9. cxd5 Re8 10. Nd2 a6 11. a4 Nbd7
12. h3 Rb8 13. Nc4 Ne5 14. Na3 Nh5 15. e4 Bd7 16. a5 Qxa5
17. g4 Nf6 18. f4 Nexg4 19. hxg4 Nxg4 20. Qf3 Bd4+ 21. Kh1 Qd8
22. Qg3 f5 23. Nc2 Nf6 24. Nxd4 cxd4 25. e5 Nh5 26. Qh2 dxc3
27. Bf3 Ng7 28. bxc3 Bb5 29. Re1 Rc8 30. Bb2 dxe5 31. fxe5 Rc4
32. Kg1 Rh4 33. Qf2 Bd3 34. e6 Be4 35. Bxe4 fxe4 36. Qf7+ Kh8
37. Re2 Qg5+ 38. Rg2 Qe3+ 39. Rf2 Rg4+ 40. Kh1 Rh4+ 41. Kg1
Rf8 42. e7 Qb6 43. Bc1 Qd8 44. Re2 1/2-1/2

[Event "BELFORT YWCC BU18"]
[Site "Belfort (FRA)"]
[Date "2005.??.??"]
[EventDate "?"]
[Round "7.2"]
[Result "1/2-1/2"]
[White "Ildar Khairullin"]
[Black "Maxim Rodshtein"]
[WhiteElo "2538"]
[BlackElo "2459"]
[PlyCount "55"]

1. e4 e6 2. d4 d5 3. e5 c5 4. c3 Nc6 5. Nf3 Qb6 6. a3 c4
7. Nbd2 Na5 8. g3 Bd7 9. h4 O-O-O 10. Bh3 f5 11. exf6 gxf6
12. O-O Ne7 13. Re1 Rg8 14. Nf1 Nb3 15. Rb1 Qd6 16. Kh1 Nxc1
17. Qxc1 Nc6 18. Qc2 Rg6 19. Ne3 Qc7 20. Ng2 e5 21. Bf5 Rg7
22. Ne3 Kb8 23. Bxd7 Qxd7 24. Qf5 e4 25. Nh2 Rg6 26. Kg2 Qxf5
27. Nxf5 Ne7 28. Rh1 1/2-1/2

[Event "BELFORT YWCC BU18"]
[Site "Belfort (FRA)"]
[Date "2005.07.22"]
[EventDate "?"]
[Round "4.14"]
[Result "1-0"]
[White "Maxim Rodshtein"]
[Black "Dorian Vicol"]
[WhiteElo "2459"]
[BlackElo "2273"]
[PlyCount "75"]

1. d4 Nf6 2. Nf3 e6 3. g3 c5 4. Bg2 Nc6 5. O-O Qb6 6. dxc5
Bxc5 7. c4 d5 8. cxd5 exd5 9. Nc3 d4 10. Na4 Qb5 11. Nxc5 Qxc5
12. Nxd4 Nxd4 13. Be3 Nxe2+ 14. Qxe2 Qe5 15. f4 Qe7 16. Qb5+
Bd7 17. Qc5 Qxc5 18. Bxc5 O-O-O 19. Bxa7 Bc6 20. Rfd1 Kc7
21. Bd4 Rhe8 22. Rac1 Ng4 23. Rd2 f6 24. Rcd1 Ra8 25. Bxc6
bxc6 26. a3 Rab8 27. Bc3 Re7 28. Bb4 Rxb4 29. axb4 Ne3 30. Re1
Nd5 31. Rxe7+ Nxe7 32. Kf2 Nc8 33. Ke3 Nd6 34. Kd4 h5 35. Re2
Kb6 36. Re6 Kc7 37. Rxd6 Kxd6 38. f5 1-0

[Event "BELFORT YWCC BU18"]
[Site "Belfort (FRA)"]
[Date "2005.??.??"]
[EventDate "?"]
[Round "2.10"]
[Result "0-1"]
[White "Maxim Rodshtein"]
[Black "Dagur Arngrimsson"]
[WhiteElo "2459"]
[BlackElo "2294"]
[PlyCount "126"]

1. d4 d5 2. c4 c6 3. Nc3 Nf6 4. Nf3 dxc4 5. a4 Bf5 6. Ne5 Nbd7
7. Nxc4 Nb6 8. Ne5 a5 9. g3 e6 10. Bg2 Bb4 11. O-O h6 12. e3
O-O 13. Qe2 Qe7 14. Rd1 Rfe8 15. e4 Bh7 16. f3 Nfd7 17. Nd3 e5
18. dxe5 Nxe5 19. Nxe5 Qxe5 20. Be3 Bc5 21. f4 Qe7 22. Bxc5
Qxc5+ 23. Qf2 Qxf2+ 24. Kxf2 Rad8 25. Rab1 Nc4 26. b3 Rd2+
27. Kg1 Rc2 28. Rbc1 Rxc1 29. Rxc1 Nd2 30. Rd1 Nxb3 31. Kf2
Kf8 32. Rd7 Re7 33. Rd8+ Re8 34. Rd7 Nc5 35. Rd4 Ke7 36. Rc4
Nd3+ 37. Ke3 Nb4 38. Rc5 b6 39. Re5+ Kd8 40. Rh5 Bg6 41. Rh4
Kc7 42. Rg4 Rd8 43. Bf1 Nc2+ 44. Kf2 Rd2+ 45. Be2 c5 46. Rh4
Kb7 47. f5 Bh7 48. f6 gxf6 49. Rxh6 Bg6 50. Kg1 Nd4 51. Bc4
Rc2 52. Nb5 Nxb5 53. Bxb5 c4 54. Kf1 c3 55. Ke1 Rb2 56. Bd3
Rd2 57. Bc4 Rd4 58. Bb3 Rxe4+ 59. Kd1 Rd4+ 60. Kc1 Rd2 61. Rh4
Rb2 62. Bd5+ Ka7 63. Bc4 Rb4 0-1

[Event "BELFORT YWCC BU18"]
[Site "Belfort (FRA)"]
[Date "2005.??.??"]
[EventDate "?"]
[Round "10.7"]
[Result "1/2-1/2"]
[White "Maxim Rodshtein"]
[Black "Wen Yang"]
[WhiteElo "2459"]
[BlackElo "2327"]
[PlyCount "99"]

1. e4 c5 2. Nf3 Nc6 3. Bb5 g6 4. O-O Bg7 5. Re1 e5 6. b4 cxb4
7. a3 b3 8. cxb3 Nge7 9. Bb2 a6 10. Bxc6 Nxc6 11. Nc3 d6
12. Nd5 O-O 13. d4 Bg4 14. dxe5 Nxe5 15. Bxe5 Bxe5 16. Ra2 Bg7
17. h3 Bd7 18. Rc2 Rc8 19. Rxc8 Bxc8 20. Qd3 Bd7 21. Rd1 Re8
22. Nd2 f5 23. Ne3 Bc6 24. exf5 Qg5 25. Ndf1 Be4 26. h4 Qxh4
27. Qc4+ d5 28. Nxd5 b5 29. Qc6 Rf8 30. Qxa6 Bxf5 31. Ng3 Bc2
32. Re1 Qd4 33. Qe6+ Kh8 34. Ne3 Qd2 35. Rf1 Bd3 36. Qd6 h5
37. Ne4 Qxe3 38. Qxf8+ Bxf8 39. fxe3 Bh6 40. Nf2 Bxf1 41. Kxf1
Bxe3 42. Nd3 Kg7 43. Ke2 Bd4 44. Kf3 Kf6 45. Ke4 Bg1 46. Nf4
Bh2 47. a4 bxa4 48. bxa4 Kg5 49. Ne2 Kg4 50. Nc3 1/2-1/2

[Event "BELFORT YWCC BU18"]
[Site "Belfort (FRA)"]
[Date "2005.07.23"]
[EventDate "?"]
[Round "5.10"]
[Result "0-1"]
[White "Eduard-Andrei Valeanu"]
[Black "Maxim Rodshtein"]
[WhiteElo "2398"]
[BlackElo "2459"]
[PlyCount "122"]

1. e4 c5 2. Nf3 e6 3. Nc3 a6 4. d4 cxd4 5. Nxd4 d6 6. Be3 b5
7. a4 b4 8. Na2 Nf6 9. f3 e5 10. Nb3 Nc6 11. Bc4 Be6 12. Qe2
Qc8 13. Rd1 Be7 14. Bd5 O-O 15. O-O Bd7 16. a5 Nxd5 17. exd5
Nd8 18. Qd2 f5 19. Nxb4 Qc4 20. f4 Nf7 21. Nc1 Bd8 22. b3 Qb5
23. c4 Qxa5 24. fxe5 Nxe5 25. Ncd3 Ng4 26. Ra1 Qc7 27. Bd4 a5
28. Nc2 Bf6 29. Nf2 Ne5 30. Nd3 a4 31. bxa4 Qxc4 32. Nxe5 dxe5
33. Bb6 f4 34. a5 e4 35. Nd4 Qxd5 36. Qa2 Qxa2 37. Rxa2 Ra6
38. Rd2 e3 39. Rd3 g5 40. Rc1 Raa8 41. g3 Rfc8 42. Re1 Rc4
43. gxf4 gxf4 44. Nf3 Bc6 45. Bd4 Bxf3 46. Bxf6 Kf7 47. Bd8
Rc2 48. Rd4 Rg2+ 49. Kf1 Rf2+ 50. Kg1 Bc6 51. Rd6 Rxd8
52. Rxd8 Rg2+ 53. Kf1 Rxh2 54. Rd4 Rh1+ 55. Ke2 f3+ 56. Kd1
Rxe1+ 57. Kxe1 f2+ 58. Ke2 Bb5+ 59. Kxe3 f1=Q 60. Rf4+ Qxf4+
61. Kxf4 Kg6 0-1

[Event "BELFORT YWCC BU18"]
[Site "Belfort (FRA)"]
[Date "2005.07.22"]
[EventDate "?"]
[Round "3.18"]
[Result "0-1"]
[White "Olivier Chau"]
[Black "Maxim Rodshtein"]
[WhiteElo "2209"]
[BlackElo "2459"]
[PlyCount "98"]

1. e4 c5 2. Nf3 e6 3. d4 cxd4 4. Nxd4 a6 5. Bd3 Bc5 6. Nb3 Be7
7. c4 d6 8. O-O Nf6 9. Nc3 Nbd7 10. f4 Qc7 11. Qf3 b6 12. Bd2
Bb7 13. Rae1 g6 14. Kh1 O-O 15. Qh3 Rfe8 16. Nd4 e5 17. Nf3
exf4 18. Bxf4 Nh5 19. Bh6 Bf8 20. Bxf8 Rxf8 21. Nd4 Ne5 22. b3
Ng7 23. Nd5 Bxd5 24. exd5 Rfe8 25. a4 Qc5 26. Ne2 Ra7 27. g4
h5 28. gxh5 Nxh5 29. Nf4 Nxf4 30. Rxf4 Qc8 31. Qxc8 Rxc8
32. Bf1 a5 33. h4 Kg7 34. Kg2 Rh8 35. Kg3 Re7 36. Rb1 Nd7
37. Bh3 f5 38. Bg2 Nc5 39. Bf3 Re3 40. h5 Nd3 41. Rd4 Ne5
42. Rf4 g5 43. Rxf5 g4 44. Rxe5 dxe5 45. Kxg4 Kh6 46. Rf1 Rf8
47. d6 Rf4+ 48. Kg3 Rd3 49. Rf2 Rxd6 0-1